World turned upside down: Medieval Japanese society (Record no. 1317642)

MARC details
000 -LEADER
fixed length control field 00713nam a2200229Ia 4500
005 - DATE AND TIME OF LATEST TRANSACTION
control field 20250507130106.0
008 - FIXED-LENGTH DATA ELEMENTS--GENERAL INFORMATION
fixed length control field 008 250505s9999 xx 000 0 eng d
020 ## - INTERNATIONAL STANDARD BOOK NUMBER
International Standard Book Number 0-231-11842-2
037 ## - SOURCE OF ACQUISITION
Stock number Bound Volumes
040 ## - CATALOGING SOURCE
Original cataloging agency EASL
Language of cataloging eng
Transcribing agency EASL
041 ## - LANGUAGE CODE
Language code of text/sound track or separate title eng
Source of code eng
084 ## - COLON CLASSIFICATION NUMBER
Classification number V42.K1<-F9, P1
Assigning agency EASL
100 ## - MAIN ENTRY--PERSONAL NAME
Personal name Souyri Pierre Francois
245 #0 - TITLE STATEMENT
Title World turned upside down: Medieval Japanese society
260 ## - PUBLICATION, DISTRIBUTION, ETC.
Place of publication, distribution, etc. USA
Name of publisher, distributor, etc. New York Columbia University press U.S.A
Date of publication, distribution, etc. 1893
300 ## - PHYSICAL DESCRIPTION
Extent xxiv,280P.
490 ## - SERIES STATEMENT
Series statement Asia Perspectives
Volume/sequential designation JEL
650 ## - SUBJECT ADDED ENTRY--TOPICAL TERM
Topical term or geographic name entry element JEL; Japan - History
9 (RLIN) 754962
700 ## - ADDED ENTRY--PERSONAL NAME
Personal name Roth Kathe Tr.
9 (RLIN) 141207
942 ## - ADDED ENTRY ELEMENTS (KOHA)
Koha item type Periodicals
Classification part V42.K1<-F9, P1

No items available.

Copyright @ Delhi University Library System